[Event "AUTO-ADV-4902"]
[Site "http://www.queenalice.com/game.php?id=1865115"]
[Date "2025.11.3"]
[Round "1"]
[White "chessman"]
[Black "serrameira"]
[Result "0-1"]
[WhiteElo "2118"]
[BlackElo "1964"]

1. e4 e5 2. Nf3 Nc6 3. Bb5 a6 4. Ba4 Nf6 5. O-O Bd6 6. Re1 O-O 7. Bxc6 bxc6 8.
d4 Re8 9. dxe5 Bxe5 10. Nxe5 Rxe5 11. Nc3 d6 12. f4 Re8 13. Qf3 Bb7 14. Bd2 Bc8
15. Rad1 Bg4 16. Qg3 Bxd1 17. Rxd1 Nxe4 18. Nxe4 Rxe4 19. Bc3 f6 0-1

[Event "AUTO-ADV-4902"]
[Site "http://www.queenalice.com/game.php?id=1865122"]
[Date "2025.11.3"]
[Round "1"]
[White "chessman"]
[Black "EdsonEstevam"]
[Result "0-1"]
[WhiteElo "2098"]
[BlackElo "1772"]

1. e4 e5 2. Nf3 Nc6 3. Bb5 Nge7 4. Bc4 b5 5. Bxb5 a6 6. Bxc6 Nxc6 7. d4 Nxd4 8.
Nxe5 c5 9. O-O Bd6 10. Nf3 Nxf3+ 11. Qxf3 Bb7 12. Nc3 Qh4 13. g3 Qh3 14. Nd5
Bxd5 15. exd5 O-O 16. c4 Rae8 17. Be3 Re5 18. Qg2 Qh5 19. Bf4 Re2 20. Bxd6 Rfe8
21. b3 f5 22. Bf4 g5 23. Be3 d6 24. g4 Qh4 25. gxf5 h6 26. Qg3 Qh5 27. Qxd6 Qg4+
28. Qg3 Qxf5 29. h3 Kh7 30. Qg4 Qe5 31. Qxe2 g4 32. hxg4 Rg8 33. f3 h5 34. Qc2+
Rg6 35. Kf2 Qh2+ 36. Ke1 Qxc2 0-1

[Event "AUTO-ADV-4902"]
[Site "http://www.queenalice.com/game.php?id=1865123"]
[Date "2025.11.3"]
[Round "1"]
[White "EdsonEstevam"]
[Black "chessman"]
[Result "0-1"]
[WhiteElo "1801"]
[BlackElo "2071"]

1. d4 d5 2. Nf3 Nf6 3. Bg5 e6 4. Nc3 c5 5. Ne5 cxd4 6. Qxd4 Nc6 7. Nxc6 bxc6 8.
Bxf6 Qxf6 9. e3 Qxd4 10. exd4 Bb4 11. Kd2 c5 12. dxc5 Bxc5 13. Nb5 O-O 14. f3
Bd7 15. h4 Bxb5 16. Bxb5 Rab8 17. a4 a6 18. Bd3 Rxb2 19. h5 Bb4+ 20. Kc1 Bc3 21.
Rb1 Rxb1+ 22. Kxb1 a5 23. h6 Rb8+ 24. Ka2 Rb2+ 25. Ka3 g6 26. g4 d4 27. Rh2 Kf8
28. f4 Ke7 29. f5 exf5 30. gxf5 Rb7 31. fxg6 fxg6 32. Rf2 Kd6 33. Rg2 Rf7 34.
Bc4 Rf8 35. Rg5 Kc6 36. Re5 Kd6 37. Rd5+ Kc6 38. Rb5 Bb4+ 39. Kb3 Rf3+ 40. c3
Rxc3+ 41. Kb2 Rxc4 42. Kb3 Rc3+ 43. Kb2 Rh3 0-1

[Event "AUTO-MASTER-3287"]
[Site "http://www.queenalice.com/game.php?id=1865158"]
[Date "2025.11.4"]
[Round "1"]
[White "johnew"]
[Black "chessman"]
[Result "0-1"]
[WhiteElo "2193"]
[BlackElo "1989"]

1. e4 e6 2. d3 d5 3. Nd2 Nf6 4. Qe2 dxe4 5. dxe4 Be7 6. g3 O-O 7. Bg2 Nc6 8. c3
Bd7 9. e5 Nd5 10. Ngf3 a6 11. a4 Re8 12. O-O Na7 0-1

[Event "AUTO-MASTER-3287"]
[Site "http://www.queenalice.com/game.php?id=1865170"]
[Date "2025.11.4"]
[Round "1"]
[White "JailtonMaster"]
[Black "chessman"]
[Result "0-1"]
[WhiteElo "2216"]
[BlackElo "2073"]

1. d4 d5 2. c4 c6 3. Nf3 Nf6 4. Nc3 e6 5. Bg5 Be7 6. e3 O-O 7. Bd3 Re8 8. O-O
Nbd7 9. Qc2 h6 10. Bh4 Nf8 11. cxd5 exd5 12. Bf5 Be6 13. Nd2 Qd7 14. Bd3 a6 15.
f4 Qd6 16. Rf3 c5 17. dxc5 Qxc5 18. Nb3 Qb6 19. f5 Bd7 20. Bxf6 Bxf6 21. Nxd5
Qd6 22. Nxf6+ Qxf6 23. Nc5 Bc6 24. e4 Rad8 25. Rc1 Nd7 26. Nxa6 Bxe4 27. Bxe4
bxa6 28. Rd1 Ne5 29. Rxd8 Nxf3+ 0-1

[Event "AUTO-MASTER-3287"]
[Site "http://www.queenalice.com/game.php?id=1865171"]
[Date "2025.11.4"]
[Round "1"]
[White "chessman"]
[Black "JailtonMaster"]
[Result "0-1"]
[WhiteElo "2084"]
[BlackElo "2209"]

1. e4 e5 2. Nf3 Nc6 3. Bb5 a6 4. Ba4 Nf6 5. O-O b5 6. Bb3 Be7 7. d4 Na5 8. Bxf7+
Kxf7 9. dxe5 Bb7 10. exf6 Bxf6 11. Re1 d6 12. Nc3 Re8 13. Nd5 Nc4 14. Nxf6 Qxf6
15. Ng5+ Kg8 16. f3 Nxb2 17. Bxb2 Qxg5 18. Qd4 Re6 19. a4 Rg6 20. g3 Rf8 21. Rf1
c5 22. Qf2 Bxe4 23. f4 Qh5 24. axb5 axb5 25. Rfe1 Bc6 26. Rad1 Qh3 27. Re7 Rxf4
28. Rxd6 Rxd6 0-1

[Event "AUTO-MASTER-3288"]
[Site "http://www.queenalice.com/game.php?id=1865532"]
[Date "2025.11.13"]
[Round "1"]
[White "chessman"]
[Black "Capixabba789"]
[Result "0-1"]
[WhiteElo "2076"]
[BlackElo "1947"]

1. e4 Nf6 2. Bc4 e5 3. d3 c6 4. f4 exf4 5. Bxf4 Be7 6. Nc3 a5 7. e5 Ng8 8. a4
Na6 9. Qh5 g6 10. Qf3 h5 11. Bxf7+ Kxf7 12. e6+ Kg7 13. exd7 Bxd7 14. O-O-O Nf6
15. Nh3 Bf5 16. Ng5 Nc5 17. Be3 Bg4 18. Qg3 Bxd1 19. Bxc5 Bg4 20. Be3 Qd7 21.
Nce4 Rhf8 22. h3 Bf5 23. Re1 Nxe4 24. Nxe4 Bxe4 25. dxe4 Qd8 26. Rd1 Qe8 27.
Bd4+ Kh7 28. Be3 Rd8 0-1

[Event "AUTO-MASTER-3288"]
[Site "http://www.queenalice.com/game.php?id=1865533"]
[Date "2025.11.13"]
[Round "1"]
[White "Capixabba789"]
[Black "chessman"]
[Result "0-1"]
[WhiteElo "1982"]
[BlackElo "2070"]

1. d4 d5 2. f4 Nf6 3. Nf3 e6 4. e3 Be7 5. Bd3 O-O 6. O-O c5 7. c3 Nc6 8. Qe2 a6
9. Bd2 Re8 10. Be1 Bd7 11. Nbd2 Rc8 12. Bg3 h6 13. Ne5 cxd4 14. exd4 b5 15. Ndf3
Na5 16. a4 b4 17. cxb4 Bxb4 18. Bxa6 Rc7 19. Nxd7 Nxd7 20. Bb5 Nc4 21. Ne5 Nd2
22. Nc6 Rxc6 23. Bxc6 Nxf1 24. Rxf1 Re7 25. Bb5 Nf6 26. Bh4 Rc7 27. f5 Qe7 28.
fxe6 fxe6 29. Bxf6 gxf6 30. Qg4+ Kf7 31. Qh5+ Kg7 32. h3 Qf7 33. Qxf7+ Kxf7 34.
Rd1 Rc2 35. b3 Rb2 36. Rd3 Rd2 37. Kf1 Rxd3 38. Bxd3 Bc3 39. Ke2 Bxd4 40. a5 Bc5
41. a6 Ke7 42. b4 Bb6 43. b5 e5 44. Bf5 Kd6 45. h4 Kc5 46. Bd7 Kd4 47. Bc6 e4
48. g4 Ke5 49. Bd7 d4 0-1

[Event "AUTO-OPEN-4624"]
[Site "http://www.queenalice.com/game.php?id=1865598"]
[Date "2025.11.15"]
[Round "1"]
[White "SGF"]
[Black "chessman"]
[Result "0-1"]
[WhiteElo "1752"]
[BlackElo "2078"]

1. e4 e6 2. Qf3 d5 3. exd5 exd5 4. Bb5+ c6 5. Bd3 Nf6 6. h3 Be7 7. Ne2 O-O 8. g4
Bc5 9. Bf5 Re8 10. Bxc8 Qxc8 11. d3 d4 12. a3 Nd5 13. b4 Bb6 14. O-O Nd7 15. Bb2
Ne5 16. Qg3 c5 17. b5 Bc7 18. f4 Nd7 19. Nd2 Rxe2 20. Rf2 Rxf2 21. Qxf2 Nxf4 22.
Qf3 b6 23. Nc4 Qe8 24. Kf2 Nd5 25. Qxd5 Nf6 26. Qc6 Qxc6 27. bxc6 Re8 28. Kf3
Re6 29. a4 Rxc6 30. a5 b5 31. Nd2 a6 32. Re1 Kf8 33. c4 Bxa5 34. cxb5 axb5 35.
Re2 Bxd2 36. Rxd2 Nd5 37. Ke4 Nc3+ 38. Bxc3 dxc3 39. Rc2 b4 40. Kd5 Rc8 41. Kc4
Ke7 42. h4 Rb8 43. Kb3 Kd6 44. g5 Kd5 45. Rf2 Rf8 46. Rf4 f5 47. gxf6 gxf6 48.
h5 f5 49. Rc4 f4 50. d4 cxd4 51. Rxb4 Rf7 52. Kc2 f3 53. Rb1 Kc4 54. Rf1 d3+ 55.
Kc1 Ra7 56. Kb1 c2+ 57. Kb2 Rb7+ 58. Ka2 Kc3 59. Rxf3 Ra7# 0-1

[Event "AUTO-OPEN-4624"]
[Site "http://www.queenalice.com/game.php?id=1865599"]
[Date "2025.11.15"]
[Round "1"]
[White "chessman"]
[Black "SGF"]
[Result "1-0"]
[WhiteElo "2081"]
[BlackElo "1749"]

1. e4 e5 2. Nf3 Qf6 3. Bc4 d6 4. O-O Be7 5. Re1 c6 6. h3 Qg6 7. Kh1 h5 8. d4 Bg4
9. dxe5 Bxf3 10. Qxf3 dxe5 11. Nc3 h4 12. Be3 b5 13. Bb3 a5 14. a3 a4 15. Ba2
Nf6 16. Bd2 Qh5 17. Qxh5 Rxh5 18. Rad1 g5 19. Bc1 Nbd7 20. f3 Nc5 21. Rd2 Nfd7
22. Red1 f6 23. Be6 Nxe6 24. Rxd7 Nd4 25. Rb7 Nxc2 26. Rd2 Nd4 27. Rd1 Kf7 28.
Be3 Nc2 29. Bc5 Re8 30. Rdd7 Rh7 31. Bxe7 Kg6 32. Bc5 Rxd7 33. Rxd7 Na1 34. Rd6
Nb3 35. Rxc6 Rd8 36. Be7 Rd2 37. Rxf6+ Kg7 38. Rb6 Rxb2 39. Rxb5 Kg6 40. Nxa4
Rb1+ 41. Kh2 Kf7 42. Bxg5 Ke6 43. Bxh4 Kd6 44. Rd5+ Ke6 45. Rb5 Kd6 46. Bf6 Kc6
47. Rb6+ Kc7 48. Bxe5+ Kd7 49. Rxb3 Rxb3 50. Nc5+ Kc6 51. Nxb3 Kb5 52. h4 Ka4
53. Nd4 Kxa3 54. h5 Kb4 55. h6 Kc4 56. h7 Kc5 57. h8=Q Kb4 58. Qc8 Ka3 59. Qb7
Ka4 60. Qb5+ Ka3 61. Qb3# 1-0

[Event "AUTO-ADV-4904"]
[Site "http://www.queenalice.com/game.php?id=1865744"]
[Date "2025.11.18"]
[Round "1"]
[White "chessman"]
[Black "Capixaba789"]
[Result "1-0"]
[WhiteElo "2077"]
[BlackElo "1857"]

1. e4 e5 2. Nf3 Nf6 3. Nxe5 Bc5 4. d4 Bb6 5. Qd3 c5 6. c3 O-O 7. Nc4 Nxe4 8.
Nxb6 axb6 9. Be2 d5 10. O-O c4 11. Qd1 Bf5 12. Bf3 Nc6 13. Re1 Bg6 14. Nd2 f5
15. Nf1 b5 16. a3 Qf6 17. Ne3 Na5 18. Nxd5 Qf7 19. Nf4 Nb3 20. Rb1 Rfe8 21. Nxg6
Qxg6 22. Bf4 Kh8 23. Be5 Nbd2 24. Bxe4 Nxe4 25. Qe2 Red8 26. f3 Nd6 27. Qe3 h6
28. Qf4 Nf7 29. Re2 Nxe5 30. dxe5 Re8 31. Rd1 Rad8 32. Rxd8 Rxd8 33. h3 Qe6 34.
Qe3 Rd3 35. Qa7 b6 36. f4 Rd7 37. Qa8+ Kh7 38. Qf3 Rd3 39. Qf2 h5 40. Qh4 Kh6
41. Qg5+ Kh7 42. Qxh5+ 1-0

[Event "AUTO-ADV-4904"]
[Site "http://www.queenalice.com/game.php?id=1865745"]
[Date "2025.11.18"]
[Round "1"]
[White "Capixaba789"]
[Black "chessman"]
[Result "0-1"]
[WhiteElo "1850"]
[BlackElo "2086"]

1. d4 d5 2. Nc3 c6 3. f4 Bg4 4. Nf3 Bxf3 5. exf3 e6 6. Bd3 Nf6 7. O-O Nbd7 8.
Be3 Bd6 9. Ne2 O-O 10. Ng3 a6 11. a3 c5 12. c3 Rc8 13. Qe1 cxd4 14. Bxd4 Bxf4
15. Rd1 e5 16. Be3 Bxe3+ 17. Qxe3 Qb6 18. Qxb6 Nxb6 19. Nf5 Rc7 20. h3 g6 21.
Nh6+ Kg7 22. Ng4 Nxg4 23. hxg4 f5 24. gxf5 gxf5 25. Rfe1 e4 26. fxe4 dxe4 27.
Bb1 Nc4 28. Re2 b5 29. Ba2 Ne5 30. Rd5 Nd3 31. g4 Nf4 32. Red2 fxg4 33. Rg5+ Ng6
34. Rxg4 Re7 35. Re2 Rd8 36. Rgxe4 Rxe4 37. Rxe4 Rd1+ 38. Kf2 Rd2+ 39. Re2 Rxe2+
40. Kxe2 Kf6 41. Kf3 Ke5 42. Kg4 Nf4 43. Bf7 Nd3 44. Bg8 Nxb2 45. Bxh7 Nc4 0-1

[Event "AUTO-OPEN-4625"]
[Site "http://www.queenalice.com/game.php?id=1865873"]
[Date "2025.11.20"]
[Round "1"]
[White "IranSilva"]
[Black "chessman"]
[Result "1-0"]
[WhiteElo "2197"]
[BlackElo "2075"]

1. Nf3 d5 2. d4 Nf6 3. Bf4 e6 4. e3 c5 5. c3 Be7 6. Nbd2 Nc6 7. Be2 O-O 8. O-O
cxd4 9. exd4 a6 10. Ne5 Re8 11. Nxc6 bxc6 12. Nf3 c5 13. Bg3 Ne4 14. Bf4 c4 15.
Ne5 Bb7 16. f3 Nc5 17. dxc5 Bxc5+ 18. Kh1 f6 19. Ng4 e5 20. Be3 Bxe3 21. Nxe3
Rc8 22. Qa4 1-0

[Event "AUTO-OPEN-4625"]
[Site "http://www.queenalice.com/game.php?id=1865874"]
[Date "2025.11.20"]
[Round "1"]
[White "chessman"]
[Black "IranSilva"]
[Result "0-1"]
[WhiteElo "2087"]
[BlackElo "2188"]

1. e4 e5 2. Nf3 Nc6 3. Bb5 a6 4. Ba4 b5 5. Bb3 Na5 6. Bxf7+ Kxf7 7. Nxe5+ Ke6 8.
Qg4+ Kxe5 9. Qf5+ Kd6 10. d4 Ke7 11. Bg5+ Nf6 12. e5 Kf7 13. d5 Bd6 14. exf6
Qe8+ 15. Kf1 g6 16. Qd3 Qe5 17. Bc1 Bb7 18. Nc3 Rhe8 19. Bh6 b4 20. Ne2 Bxd5 0-1

[Event "AUTO-MASTER-3289"]
[Site "http://www.queenalice.com/game.php?id=1866202"]
[Date "2025.11.26"]
[Round "1"]
[White "IranSilva"]
[Black "chessman"]
[Result "1-0"]
[WhiteElo "2259"]
[BlackElo "2102"]

1. Nf3 d5 2. d4 e6 3. Bf4 Nf6 4. e3 Be7 5. Bd3 O-O 6. O-O c5 7. c3 Nc6 8. Nbd2
Re8 9. dxc5 Bxc5 10. e4 Nxe4 11. Nxe4 dxe4 12. Bxe4 Bd7 13. Qc2 h6 14. Rad1 Qe7
15. Ne5 Nxe5 16. Bxe5 Rac8 17. Bxb7 Rcd8 18. Bc7 1-0

[Event "AUTO-MASTER-3289"]
[Site "http://www.queenalice.com/game.php?id=1866203"]
[Date "2025.11.26"]
[Round "1"]
[White "chessman"]
[Black "IranSilva"]
[Result "0-1"]
[WhiteElo "2093"]
[BlackElo "2266"]

1. e4 e5 2. Nf3 Nc6 3. Bb5 a6 4. Ba4 b5 5. Bb3 Na5 6. Bxf7+ Kxf7 7. Nxe5+ Ke6 8.
d4 Nf6 9. f4 d6 10. b4 dxe5 11. d5+ Kf7 12. fxe5 Bg4 13. Qd4 c5 14. bxc5 Nc6 15.
Qb2 Nxe4 16. O-O+ Kg8 17. dxc6 Bxc5+ 0-1